00654nam 22002173 4500001000700000010001800007021001700025100004100042200009300083210004200176215003600218225001500254606002400269610002000293675001600313700004400329702001500373702001900388801001800407830001100425202491 a972-45-1019-0 aPTb60364/92 a20260609d u||y0pory50 ba aRantanplan refémfdesenhos de Morris e M. Janvier, textos de X. Fauche e J. Léturgie aLisboacMeribérica/LiberdD.L. 1992 a46 p.cil. ; encadernadod29 cm aRantanplan aDesenho Artístico aBanda Desenhada a74vPTzpor aMorris (Maurice Bévère) f1923-2001 aFauchebX. aLéturgiebJ. aPTbBMMNgRPC cIsabel